Les 12 apôtres de Jesus - Mort Subite - Statistiques

Statistiques générales
  • Ce quiz a été pris 577 fois
  • Le résultat moyen est 4 sur 12
Answers on the Grid
Answers color-coded by a green-red scale on the quiz's grid according to % correct below.
Saint Barthélemy
Saint Nicolas
Saint Pierre
Saint Paul
Saint Jacques (Le Majeur)
Saint Jacques (Le Mineur)
Saint Patrick
Saint Joseph
Saint Jude Thaddée
Saint Augustin
Saint Jean
Saint Simon
Saint Jean Baptiste
Saint Antoine
Saint Matthieu
Saint Anthony
Saint Philippe
Saint Luc
Juda l'Iscariote
Saint André
Saint Martin
Sainte Madeleine
Saint Thomas
Saint Vincent de Paul
 
Statistiques - réponses
Réponse % Correct
Saint Pierre
68%
Saint Jean
39%
Saint Barthélemy
34%
Saint Matthieu
31%
Saint Jacques (Le Majeur)
30%
Saint Thomas
28%
Juda l'Iscariote
27%
Saint Jacques (Le Mineur)
26%
Saint Simon
25%
Saint André
21%
Saint Jude Thaddée
21%
Saint Philippe
18%
Aucun quiz correspondant
Distribution des résultats
% des personnes avec chaque résultat
Percentile par nombre de réponses
Votre historique - résultats
Vous n’avez pas pris ce quiz